000 00380nam a2200145Ia 4500
005 20251222151329.0
008 251222s9999||||xx |||||||||||||| ||spa||
020 _a9784130732
082 _a862.3/C21
100 _aCalderón de la Barca, Pedro
245 0 _aLa Vida es Sueño. El Alcalde de Zalamea
250 _a5ta.ed.
264 _bEspasa Calpes Editores,S.A.
942 _cLIB
999 _c24014
_d24014